| 000 | 00568cab a2200205 4500 | ||
|---|---|---|---|
| 001 | WB2434-07 | ||
| 008 | 090401t1988 xxu||||| |||| 00| 0 eng d | ||
| 035 | _a(Sirsi) u5697 | ||
| 041 | _aeng | ||
| 245 | _aSkills shortage | ||
| 260 | _c1988 | ||
| 350 | _a0 | ||
| 490 |
_aBuilding _vVol 253 No 7562 26/8/88 p8 |
||
| 520 | _aComputer forecast s are to be introduced by the CITB in an attempt to predict skilled labour shortages . | ||
| 650 | _aCONSTRUCTION INDUSTRY | ||
| 650 | _aRECRUITMENT | ||
| 690 | _aBUILT ENVIRONMENT | ||
| 942 | _n0 | ||
| 948 | _c04/03/1997 | ||
| 999 |
_c3397 _d3397 |
||